00490nam a2200193 a 4500001001300000003000900013005001700022008004100039020001100080082001600091100002000107245002500127260003500152300000900187500003500196505001700231650002800248700002000276nice12345678IN_TiNIC20260116011307.0050524s1933 amra grp 000 0 urd  ac5.2500a891.49bBAQ aBaqir, Muhammad aTarikh-E-Nazmo-Nasar aAmritsarbAzad Book Depoc1933 a373p aincludes index and biblioraphy2 aBibliography aUrdu-Literature-history1 aBaqir, Muhammad